Cyclic renormalization and automorphism groups of rooted trees

Αποθηκεύτηκε σε:
Λεπτομέρειες βιβλιογραφικής εγγραφής
Μορφή: Βιβλίο
Γλώσσα:English
Δημοσίευση: New York : Springer-Verlag, c1996
Σειρά:Lecture notes in mathematics (Springer-Verlag) ; 1621
Θέματα:
Ετικέτες: Προσθήκη ετικέτας
Δεν υπάρχουν, Καταχωρήστε ετικέτα πρώτοι!

MARC

LEADER 00000nam a2200000 i 4500
001 1/3542
008 000521s1996 eng d
020 |a 3-540-60595-9 
035 |l 10060833 
040 |a GR-MY-UA  |b gre  |e aacr 
041 0 |a eng 
082 0 |a 512.2 
245 1 0 |a Cyclic renormalization and automorphism groups of rooted trees /  |c Hyman Bass... [et al.] 
260 |a New York :   |b Springer-Verlag,   |c c1996 
300 |a xxi, 163 p.;  |b ill.;  |c 24 cm. 
490 1 |a Lecture notes in mathematics (Springer-Verlag)  |v ; 1621 
504 |a Includes bibliographical references (p. [157]-159) and index 
650 0 0 |a Differentiable dynamical systems. 
650 0 0 |a Group theory. 
650 0 0 |a Automorphisms. 
830 0 |a Lecture notes in mathematics (Springer-Verlag)  |v ; 1621 
852 |a INST  |b SAMOS  |e 20000521  |h 512.2 CYC  |p 005300017107  |q 005300017107  |t BK  |y 0 
901 |a BIBL3-2000-2 
909 |a Σ  |b 067245 
922 |a 3ΕΛΗ  |b 199910  |c ΕΠΕΑΕΚ/ΜΑΘ  |d ΠΑΠΑΣΩΤΗΡΙΟΥ 
970 |z 2000/05/ΜΠΡΑΤΤΗΣ